000 nam a22 7a 4500
999 _c9641
_d9641
008 180205b ||||| |||| 00| 0 eng d
100 _aVerma,S.etal.
_95766
245 _aMathematics-1
260 _aNew Delhi
_bPrachi
_c2016